LEADER 00959nam a2200217 i 4500 001 000000158321 003 CaOOAMICUS 005 20070205000000.0 008 070205s1890 it u000 u ita u 013 $a135684 040 $aSeMil$bita 100 1 $aBigandet, Paul Ambrose <1813-1894>.$0(OLS)http://semarc/name/41353 245 10$aStoria succinta della missione birmana fino alla sua divisione /$cdi Paul Ambrose Bigandet. 260 $aMilano :$bTipografia Pontificia S. Giuseppe,$c1890. 300 $a96 p. :$b[11] p. di tav. ;$c21 cm. 650 4$aBirmania - Missioni.$0(OLS)http://semarc/subject/16915 850 $aSeMil 852 $aSeMil$W1$xVenegono$y1$m5C VII 5/18$j225797$B109972$CSeMilBibl$Z2$F119630 $8I 961 $aRecupero: Altro 996 $6245$aStoria succinta della missione birmana fino alla sua divisione$9(OLS)http://semarc/title/139688 996 $6260$aMilano :$bTipografia Pontificia S. Giuseppe$9(OLS)http://semarc/publisher/30602 LEADER 00900nam a2200217 i 4500 001 000000177130 003 CaOOAMICUS 005 20211214165946.0 008 090115s1965 it u000 u ita u 013 $a154638 040 $aSeMil$bita 245 00$aVolume primo. 300 $aVIII, 583 p. :$briccamente ill. 541 0 $aFondo card. Giovanni Colombo (1F VI 54/1) 700 1 $aCervantes Saavedra, Miguel : de,$d<1547-1616>.$0(OLS)http://semarc/name/4088 773 0 $aCervantes Saavedra, Miguel : de <1547-1616>$tIngegnoso idalgo Don Chisciotte della Mancia.$dMilano : Nuova Editrice Internazionale, 1965.$bEdizione illustrata$g1$w()20588 850 $aSeMil 852 $aSeMil$W1$xVenegono$y1$m1F VI 54/1$j127944$B127944$CSeMilBibl$Z2$F210758 $81 961 $aLascito: Colombo Card. Giovanni 996 $6245$aVolume primo$9(OLS)http://semarc/title/17661